MCSD Windows Architecture 1 Study Guide (Record no. 6403)

000 -LEADER
fixed length control field 00573 a2200157 4500
020 ## - INTERNATIONAL STANDARD BOOK NUMBER
International Standard Book Number 8176560081
082 ## - DEWEY DECIMAL CLASSIFICATION NUMBER
Classification number 005.4469
090 ## - LOCALLY ASSIGNED LC-TYPE CALL NUMBER (OCLC); LOCAL CALL NUMBER (RLIN)
-- 2478
-- 2478
100 ## - MAIN ENTRY--PERSONAL NAME
Personal name Ezzell, Ben
245 ## - TITLE STATEMENT
Title MCSD Windows Architecture 1 Study Guide
Statement of responsibility, etc. Ben Ezzell
260 ## - PUBLICATION, DISTRIBUTION, ETC.
Place of publication, distribution, etc. New Delhi:
Name of publisher, distributor, etc. BPB Publications,
Date of publication, distribution, etc. c1998.
300 ## - PHYSICAL DESCRIPTION
Extent xxvii, 676 p. :
Other physical details ill. ;
Dimensions 24cm.
500 ## - GENERAL NOTE
General note Includes bibliographical references and index
650 ## - SUBJECT ADDED ENTRY--TOPICAL TERM
Topical term or geographic name entry element Microsoft Windows.(Computer File) Electronic Data Processing Personnel Certificate. Microsoft Software. Examinations. Shady guide.
942 ## - ADDED ENTRY ELEMENTS (KOHA)
Koha item type Book
Call number prefix 005.4469 EZZ
Holdings
Withdrawn status Lost status Damaged status Not for loan Collection code Permanent Location Current Location Shelving location Date acquired Total Checkouts Full call number Barcode Date last seen Price effective from Koha item type
          Central Library (CL) Central Library (CL) First Floor - Operating System/ Data Structure 12/08/2000   005.4469 EZZ SEECS000676 11/14/2012 01/05/2017 Book
© 2023 Central Library, National University of Sciences and Technology. All Rights Reserved.